MARC

LEADER 00000nam0a2200000 4500
001 253493
005 20231101232841.0
035 |a (RuTPU)RU\TPU\book\275882 
090 |a 253493 
100 |a 20140313d1976 k y0rusy50 ca 
101 1 |a rus  |c eng 
102 |a RU 
105 |a a z 001zy 
200 1 |a Теория обобщенных функций. Секвенциальный подход  |e пер. с англ.  |f П. Антосик, Я. Микусинский, Р. Сикорский  |g под ред. Е. Д. Соломенцева 
210 |a Москва  |c Мир  |d 1976 
215 |a 311 с.  |c ил. 
320 |a Библиогр.: с. 301-303. 
320 |a Алфавитный указатель с. 304-306 
606 1 |a Обобщенные функции  |2 stltpush  |3 (RuTPU)RU\TPU\subj\46421  |9 65561 
610 1 |a алгебраические операции 
610 1 |a вещественные переменные 
610 1 |a операции 
610 1 |a локальные свойства 
610 1 |a теория 
610 1 |a свертка 
610 1 |a дельта-последовательности 
610 1 |a регулярные последовательности 
610 1 |a скалярное произведение 
610 1 |a ряды Эрмита 
610 1 |a преобразование Фурье 
610 1 |a преобразование Гильберта 
610 1 |a формулы Лейбница 
610 1 |a индукция 
675 |a 517.982.4  |v 3 
700 1 |a Антосик  |b П.  |g Петр 
701 1 |a Микусинский  |b Я.  |g Ян 
701 1 |a Сикорский  |b Р.  |g Роман 
702 1 |a Соломенцев  |b Е. Д.  |4 340 
801 1 |a RU  |b 63413507  |c 20140313 
801 2 |a RU  |b 63413507  |c 20190228  |g RCR 
942 |c BK